书目信息 |
| 题名: |
葡萄酒百科
|
|
| 作者: | 吴振鹏 编著 | |
| 分册: | ||
| 出版信息: | 北京 中国纺织出版社 2015 |
|
| 页数: | 416页 | |
| 开本: | 26cm | |
| 丛书名: | ||
| 单 册: | ||
| 中图分类: | TS262.61 | |
| 科图分类: | ||
| 主题词: | 葡萄酒--pu tao jiu--基本知识 | |
| 电子资源: | ||
| ISBN: | 978-7-5180-1835-2 | |
| 000 | 00812nam0 22002411 450 | |
| 001 | 0102093650 | |
| 005 | 20170402093650.0 | |
| 010 | @a978-7-5180-1835-2@dCNY128.00 | |
| 100 | @a20160125d2015 em y0chiy50 ea | |
| 101 | 0 | @achi@eeng |
| 102 | @aCN@b110000 | |
| 105 | @aa z 000yy | |
| 106 | @ar | |
| 200 | 1 | @a葡萄酒百科@Apu tao jiu bai ke@dWine encyclopedia@f吴振鹏编著@zeng |
| 210 | @a北京@c中国纺织出版社@d2015 | |
| 215 | @a416页@c图@d26cm | |
| 330 | @a本书介绍了酒与酒的起源、酒的分类、饮酒器皿、葡萄酒、酿酒葡萄品种、葡萄酒酿造、葡萄酒的陈酿、葡萄酒储存指南等内容。 | |
| 510 | 1 | @aWine encyclopedia@zeng |
| 606 | 0 | @a葡萄酒@Apu tao jiu@x基本知识 |
| 690 | @aTS262.61@v5 | |
| 701 | 0 | @a吴振鹏@Awu zhen peng@c(调酒师)@4编著 |
| 801 | 0 | @aCN@bTANGWEI@c20170308 |
| 905 | @b0964709-10@dTS262.61@e241@f2 | |
| 葡萄酒百科=Wine encyclopedia/吴振鹏编著.-北京:中国纺织出版社,2015 |
| 416页:图;26cm |
| ISBN 978-7-5180-1835-2:CNY128.00 |
| 本书介绍了酒与酒的起源、酒的分类、饮酒器皿、葡萄酒、酿酒葡萄品种、葡萄酒酿造、葡萄酒的陈酿、葡萄酒储存指南等内容。 |
| ● |
| 相关链接 |
|
|
|
|
正题名:葡萄酒百科
索取号:TS262.61/241
 
预约/预借
| 序号 | 登录号 | 条形码 | 馆藏地/架位号 | 状态 | 备注 |
| 1 | 0964709 | 209647097 | 第二样本阅览室/ [索取号:TS262.61/241] | 在馆 | |
| 2 | 0964710 | 209647104 | 第三借阅区/ [索取号:TS262.61/241] | 在馆 |